000 00672nam a2200229Ia 4500
005 20250508160833.0
008 008 250505s9999 xx 000 0 eng d
020 _a0-697-06524-3
037 _aTextual
040 _aFEDL
_beng
_cFEDL
041 _aeng
_2eng
084 _a152, ARM
_qFEDL
100 _aArmington John C
_984461
245 0 _aPhysiological basis of psychology: Introduction to general psychology : A self-selection text book
250 _a2nd
260 _aDubuque
_bW. M. Brown Company Publishers
_c1973
300 _a56p.
365 _aINR
_b7.22
650 _aPerception
942 _cTEXL
_h152, ARM
999 _c1366893
_d1366893